• 首页
  • 本馆介绍
  • 公告通知
  • 最新文献
  • 馆藏检索
  • 电子资源
  • 读者导购
  • 参考咨询
  • 我的图书馆
  • 登录
  • 详细信息显示
  • 放入我的书架
  • 预约/预借图书
  • 作者相关作品
  • 分类相关作品
  • 丛书相关作品
  • 出版社相关作品

书目信息

  • 表格格式
  • 工作单格式
  • 卡片格式
题名:
向科学技术现代化进军
    
 
作者:
分册:  
出版信息: 北京   人民出版社  1978
页数: 307页
开本: 20cm
丛书名:
单 册:
中图分类: G322.0
科图分类:
主题词: 科学研究事业--世界 , 科学技术--代表会议--文件--中国
电子资源:
ISBN:
000 00680nam0 2200229 45
001 0178001214
005 20060818105459.03
010    @dCNY0.77
091    @aCN@b3001.1652
100    @a19950725d1978 em y0chiy0121 ea
101 0  @achi
102    @aCN@b110000
105    @ay z 100yy
200 10 @a向科学技术现代化进军@Axiang ke xue ji shu xian dai hua jin jun@e全国科学大会文件汇编
210    @a北京@c人民出版社@d1978
215    @a307页@d20cm
517 1  @a全国科学大会文件汇编@Aquan guo ke xue da hui wen jian hui bian
606 0  @a科学研究事业@x世界
606    @a科学技术@x代表会议@x文件@y中国
690    @aG322.0@v3
801  0 @aCN@bTSSF@c20060818
905    @dG322.0@e20
    
    向科学技术现代化进军:全国科学大会文件汇编.-北京:人民出版社,1978
    307页;20cm
    
    
    ISBN :CNY0.77
    
●
相关链接 在E读中查询图书 在五车中查询图书 在当当中查询图书 在豆瓣中查询图书


正题名:向科学技术现代化进军     索取号:G322.0/20         预约/预借

序号 登录号 条形码 馆藏地/架位号 状态 备注
1 0424798   204247984   密集书库/ [索取号:G322.0/20] 在馆    
2 0465703   204657031   密集书库/ [索取号:G322.0/20] 在馆    
唐山师范学院图书馆 欢迎您!
大连网信软件有限公司© 版权所有